<?xml version="1.0" encoding="UTF-8"?>
<record
    xmlns:xsi="http://www.w3.org/2001/XMLSchema-instance"
    xsi:schemaLocation="http://www.loc.gov/MARC21/slim http://www.loc.gov/standards/marcxml/schema/MARC21slim.xsd"
    xmlns="http://www.loc.gov/MARC21/slim">

  <leader>01738nas a2200301 i 4500</leader>
  <controlfield tag="005">20251113110752.0</controlfield>
  <controlfield tag="007">ta</controlfield>
  <controlfield tag="008">250529e2022    dr bn|p|r||||||0| | spa d</controlfield>
  <datafield tag="040" ind1=" " ind2=" ">
    <subfield code="c">DO</subfield>
    <subfield code="a">DO-SdBNP</subfield>
    <subfield code="b">spa</subfield>
    <subfield code="d">DO-SdBNP</subfield>
    <subfield code="e">rda</subfield>
  </datafield>
  <datafield tag="041" ind1=" " ind2=" ">
    <subfield code="a">spa</subfield>
  </datafield>
  <datafield tag="110" ind1=" " ind2=" ">
    <subfield code="a">Canal Se&#xF1;ales TV</subfield>
    <subfield code="9">110786</subfield>
  </datafield>
  <datafield tag="245" ind1=" " ind2=" ">
    <subfield code="a">Se&#xF1;ales TV /</subfield>
    <subfield code="c">Canal Se&#xF1;ales TV.</subfield>
  </datafield>
  <datafield tag="264" ind1=" " ind2=" ">
    <subfield code="a">Santo Domingo, Rep&#xFA;blica Dominicana :</subfield>
    <subfield code="b">Canal Se&#xF1;ales TV, </subfield>
    <subfield code="c">2022.</subfield>
  </datafield>
  <datafield tag="300" ind1=" " ind2=" ">
    <subfield code="a">volumen : </subfield>
    <subfield code="b">ilustraciones, fotograf&#xED;as ; </subfield>
    <subfield code="c">28 cm.</subfield>
  </datafield>
  <datafield tag="310" ind1=" " ind2=" ">
    <subfield code="a">Bimensual.</subfield>
  </datafield>
  <datafield tag="336" ind1=" " ind2=" ">
    <subfield code="a">texto</subfield>
    <subfield code="b">txt</subfield>
    <subfield code="2">rdacontent</subfield>
  </datafield>
  <datafield tag="337" ind1=" " ind2=" ">
    <subfield code="a">sin mediaci&#xF3;n </subfield>
    <subfield code="b">n </subfield>
    <subfield code="2">rdamedia</subfield>
  </datafield>
  <datafield tag="338" ind1=" " ind2=" ">
    <subfield code="a">volumen </subfield>
    <subfield code="b">nc</subfield>
    <subfield code="2">rdacarrier</subfield>
  </datafield>
  <datafield tag="362" ind1=" " ind2=" ">
    <subfield code="a">A&#xF1;o 1, Mayo-Junio, N&#xFA;mero 2, 2022.</subfield>
  </datafield>
  <datafield tag="500" ind1=" " ind2=" ">
    <subfield code="a">Edici&#xF3;n especial Mayo-Junio 2022.</subfield>
  </datafield>
  <datafield tag="500" ind1=" " ind2=" ">
    <subfield code="a">Se&#xF1;ales TV es un canal para construir. Para entretener con calidad y con amor.</subfield>
  </datafield>
  <datafield tag="505" ind1=" " ind2=" ">
    <subfield code="a">Octavo Aniversario.</subfield>
  </datafield>
  <datafield tag="520" ind1=" " ind2=" ">
    <subfield code="a">Es un canal de televisi&#xF3;n dominicano con una opci&#xF3;n diferente para entretener, educar y orientar a trav&#xE9;s de los mejores valores. Es una oferta televisiva para sembrar valores a trav&#xE9;s de contenidos televisivos novedosos, atractivos, impactantes y que puedan sumar a la sociedad. En este momento donde se ha invertido el orden de las cosas en todos los &#xF3;rdenes, incluida la comunicaci&#xF3;n y los medios, queremos sembrar valores a trav&#xE9;s de una programaci&#xF3;n divertida, llena de contenidos diversos, donde el televidente encuentre un poco de todo, pero lleno siempre de un buen mensaje y de un sentido de compromiso y amor por los dem&#xE1;s y por la sociedad.</subfield>
  </datafield>
  <datafield tag="650" ind1=" " ind2="0">
    <subfield code="a">Televisi&#xF3;n</subfield>
    <subfield code="v">Publicaciones peri&#xF3;dicas </subfield>
    <subfield code="z">Rep&#xFA;blica Dominicana</subfield>
    <subfield code="9">53595</subfield>
  </datafield>
  <datafield tag="655" ind1=" " ind2="0">
    <subfield code="a">Publicaciones peri&#xF3;dicas</subfield>
    <subfield code="9">87420</subfield>
  </datafield>
  <datafield tag="856" ind1=" " ind2=" ">
    <subfield code="u">https://senalestv.com/revista/</subfield>
  </datafield>
  <datafield tag="942" ind1=" " ind2=" ">
    <subfield code="2">udc</subfield>
    <subfield code="c">ISSUE</subfield>
  </datafield>
  <datafield tag="952" ind1=" " ind2=" ">
    <subfield code="0">0</subfield>
    <subfield code="1">0</subfield>
    <subfield code="2">ddc</subfield>
    <subfield code="4">0</subfield>
    <subfield code="5">6</subfield>
    <subfield code="7">0</subfield>
    <subfield code="8">SE</subfield>
    <subfield code="a">BNPHU</subfield>
    <subfield code="b">BNPHU</subfield>
    <subfield code="d">2025-05-30</subfield>
    <subfield code="h">A&#xF1;o 1, Mayo-Junio, N&#xFA;mero 2, 2022</subfield>
    <subfield code="l">0</subfield>
    <subfield code="p">2025-4706</subfield>
    <subfield code="r">2025-05-30</subfield>
    <subfield code="t">e.1</subfield>
    <subfield code="w">2025-05-30</subfield>
    <subfield code="y">ISSUE</subfield>
    <subfield code="z">Edici&#xF3;n Especial.</subfield>
  </datafield>
  <datafield tag="952" ind1=" " ind2=" ">
    <subfield code="0">0</subfield>
    <subfield code="1">0</subfield>
    <subfield code="2">ddc</subfield>
    <subfield code="4">0</subfield>
    <subfield code="5">6</subfield>
    <subfield code="7">0</subfield>
    <subfield code="8">SE</subfield>
    <subfield code="a">BNPHU</subfield>
    <subfield code="b">BNPHU</subfield>
    <subfield code="d">2025-05-30</subfield>
    <subfield code="h">A&#xF1;o 1, N&#xFA;mero 4, Junio-Julio,  2023</subfield>
    <subfield code="l">0</subfield>
    <subfield code="p">2025-4707</subfield>
    <subfield code="r">2025-05-30</subfield>
    <subfield code="t">e.1</subfield>
    <subfield code="w">2025-05-30</subfield>
    <subfield code="y">ISSUE</subfield>
    <subfield code="z">La Industria en RD, (1962-2022).</subfield>
  </datafield>
  <datafield tag="952" ind1=" " ind2=" ">
    <subfield code="0">0</subfield>
    <subfield code="1">0</subfield>
    <subfield code="2">ddc</subfield>
    <subfield code="4">0</subfield>
    <subfield code="5">6</subfield>
    <subfield code="7">0</subfield>
    <subfield code="8">SE</subfield>
    <subfield code="a">BNPHU</subfield>
    <subfield code="b">BNPHU</subfield>
    <subfield code="d">2025-05-30</subfield>
    <subfield code="h">A&#xF1;o 1, N&#xFA;mero 4, Junio-Julio,  2023</subfield>
    <subfield code="l">0</subfield>
    <subfield code="p">2025-4708</subfield>
    <subfield code="r">2025-05-30</subfield>
    <subfield code="t">e.2</subfield>
    <subfield code="w">2025-05-30</subfield>
    <subfield code="y">ISSUE</subfield>
    <subfield code="z">La Industria en RD, (1962-2022).</subfield>
  </datafield>
  <datafield tag="952" ind1=" " ind2=" ">
    <subfield code="0">0</subfield>
    <subfield code="1">0</subfield>
    <subfield code="2">ddc</subfield>
    <subfield code="4">0</subfield>
    <subfield code="5">6</subfield>
    <subfield code="7">0</subfield>
    <subfield code="8">SE</subfield>
    <subfield code="a">BNPHU</subfield>
    <subfield code="b">BNPHU</subfield>
    <subfield code="d">2025-05-30</subfield>
    <subfield code="h">A&#xF1;o 1, N&#xFA;mero 4, Junio-Julio,  2023</subfield>
    <subfield code="l">0</subfield>
    <subfield code="p">2025-4709</subfield>
    <subfield code="r">2025-05-30</subfield>
    <subfield code="t">e.3</subfield>
    <subfield code="w">2025-05-30</subfield>
    <subfield code="y">ISSUE</subfield>
    <subfield code="z">La Industria en RD, (1962-2022).</subfield>
  </datafield>
  <datafield tag="952" ind1=" " ind2=" ">
    <subfield code="0">0</subfield>
    <subfield code="1">0</subfield>
    <subfield code="2">ddc</subfield>
    <subfield code="4">0</subfield>
    <subfield code="5">6</subfield>
    <subfield code="7">0</subfield>
    <subfield code="8">SE</subfield>
    <subfield code="a">BNPHU</subfield>
    <subfield code="b">BNPHU</subfield>
    <subfield code="d">2025-05-30</subfield>
    <subfield code="h">A&#xF1;o 2, N&#xFA;mero 5, Diciembre-Enero, 2023</subfield>
    <subfield code="l">0</subfield>
    <subfield code="p">2025-4711</subfield>
    <subfield code="r">2025-05-30</subfield>
    <subfield code="t">e.1</subfield>
    <subfield code="w">2025-05-30</subfield>
    <subfield code="y">ISSUE</subfield>
    <subfield code="z">Pe&#xF1;a G&#xF3;mez.</subfield>
  </datafield>
  <datafield tag="952" ind1=" " ind2=" ">
    <subfield code="0">0</subfield>
    <subfield code="1">0</subfield>
    <subfield code="2">ddc</subfield>
    <subfield code="4">0</subfield>
    <subfield code="5">6</subfield>
    <subfield code="7">0</subfield>
    <subfield code="8">SE</subfield>
    <subfield code="a">BNPHU</subfield>
    <subfield code="b">BNPHU</subfield>
    <subfield code="d">2025-05-30</subfield>
    <subfield code="h">A&#xF1;o 2, N&#xFA;mero 5, Diciembre-Enero, 2023</subfield>
    <subfield code="l">0</subfield>
    <subfield code="p">2025-4712</subfield>
    <subfield code="r">2025-05-30</subfield>
    <subfield code="t">e.2</subfield>
    <subfield code="w">2025-05-30</subfield>
    <subfield code="y">ISSUE</subfield>
    <subfield code="z">Pe&#xF1;a G&#xF3;mez.</subfield>
  </datafield>
  <datafield tag="952" ind1=" " ind2=" ">
    <subfield code="0">0</subfield>
    <subfield code="1">0</subfield>
    <subfield code="2">ddc</subfield>
    <subfield code="4">0</subfield>
    <subfield code="5">6</subfield>
    <subfield code="7">0</subfield>
    <subfield code="8">SE</subfield>
    <subfield code="a">BNPHU</subfield>
    <subfield code="b">BNPHU</subfield>
    <subfield code="d">2025-05-30</subfield>
    <subfield code="h">A&#xF1;o 2, N&#xFA;mero 5, Diciembre-Enero, 2023</subfield>
    <subfield code="l">0</subfield>
    <subfield code="p">2025-4713</subfield>
    <subfield code="r">2025-05-30</subfield>
    <subfield code="t">e.3</subfield>
    <subfield code="w">2025-05-30</subfield>
    <subfield code="y">ISSUE</subfield>
    <subfield code="z">Pe&#xF1;a G&#xF3;mez.</subfield>
  </datafield>
  <datafield tag="952" ind1=" " ind2=" ">
    <subfield code="0">0</subfield>
    <subfield code="1">0</subfield>
    <subfield code="2">ddc</subfield>
    <subfield code="4">0</subfield>
    <subfield code="5">6</subfield>
    <subfield code="7">0</subfield>
    <subfield code="8">SE</subfield>
    <subfield code="a">BNPHU</subfield>
    <subfield code="b">BNPHU</subfield>
    <subfield code="d">2025-05-30</subfield>
    <subfield code="h">A&#xF1;o 2, N&#xFA;mero 7, Octubre-Diciembre, 2024</subfield>
    <subfield code="l">0</subfield>
    <subfield code="p">2025-4714</subfield>
    <subfield code="r">2025-05-30</subfield>
    <subfield code="t">e.1</subfield>
    <subfield code="w">2025-05-30</subfield>
    <subfield code="y">ISSUE</subfield>
    <subfield code="z">Juan Pablo Duarte.</subfield>
  </datafield>
  <datafield tag="952" ind1=" " ind2=" ">
    <subfield code="0">0</subfield>
    <subfield code="1">0</subfield>
    <subfield code="2">ddc</subfield>
    <subfield code="4">0</subfield>
    <subfield code="5">6</subfield>
    <subfield code="7">0</subfield>
    <subfield code="8">SE</subfield>
    <subfield code="a">BNPHU</subfield>
    <subfield code="b">BNPHU</subfield>
    <subfield code="d">2025-05-30</subfield>
    <subfield code="h">A&#xF1;o 2, N&#xFA;mero 7, Octubre-Diciembre, 2024</subfield>
    <subfield code="l">0</subfield>
    <subfield code="p">2025-4715</subfield>
    <subfield code="r">2025-05-30</subfield>
    <subfield code="t">e.2</subfield>
    <subfield code="w">2025-05-30</subfield>
    <subfield code="y">ISSUE</subfield>
    <subfield code="z">Juan Pablo Duarte.</subfield>
  </datafield>
  <datafield tag="952" ind1=" " ind2=" ">
    <subfield code="0">0</subfield>
    <subfield code="1">0</subfield>
    <subfield code="2">ddc</subfield>
    <subfield code="4">0</subfield>
    <subfield code="5">6</subfield>
    <subfield code="7">0</subfield>
    <subfield code="8">SE</subfield>
    <subfield code="a">BNPHU</subfield>
    <subfield code="b">BNPHU</subfield>
    <subfield code="d">2025-05-30</subfield>
    <subfield code="h">A&#xF1;o 3, N&#xFA;mero 8, Marzo-Abril, 2025</subfield>
    <subfield code="l">0</subfield>
    <subfield code="p">2025-4716</subfield>
    <subfield code="r">2025-05-30</subfield>
    <subfield code="t">e.1</subfield>
    <subfield code="w">2025-05-30</subfield>
    <subfield code="y">ISSUE</subfield>
    <subfield code="z">Las diez etapas, en la historia del merengue.</subfield>
  </datafield>
  <datafield tag="952" ind1=" " ind2=" ">
    <subfield code="0">0</subfield>
    <subfield code="1">0</subfield>
    <subfield code="2">ddc</subfield>
    <subfield code="4">0</subfield>
    <subfield code="5">6</subfield>
    <subfield code="7">0</subfield>
    <subfield code="8">SE</subfield>
    <subfield code="a">BNPHU</subfield>
    <subfield code="b">BNPHU</subfield>
    <subfield code="d">2025-05-30</subfield>
    <subfield code="h">A&#xF1;o 3, N&#xFA;mero 8, Marzo-Abril, 2025</subfield>
    <subfield code="l">0</subfield>
    <subfield code="p">2025-4717</subfield>
    <subfield code="r">2025-05-30</subfield>
    <subfield code="t">e.2</subfield>
    <subfield code="w">2025-05-30</subfield>
    <subfield code="y">ISSUE</subfield>
    <subfield code="z">Las diez etapas, en la historia del merengue.</subfield>
  </datafield>
  <datafield tag="952" ind1=" " ind2=" ">
    <subfield code="0">0</subfield>
    <subfield code="1">0</subfield>
    <subfield code="2">ddc</subfield>
    <subfield code="4">0</subfield>
    <subfield code="5">6</subfield>
    <subfield code="7">0</subfield>
    <subfield code="8">SE</subfield>
    <subfield code="a">BNPHU</subfield>
    <subfield code="b">BNPHU</subfield>
    <subfield code="d">2025-05-30</subfield>
    <subfield code="h">A&#xF1;o 3, N&#xFA;mero 8, Marzo-Abril, 2025</subfield>
    <subfield code="l">0</subfield>
    <subfield code="p">2025-4718</subfield>
    <subfield code="r">2025-05-30</subfield>
    <subfield code="t">e.3</subfield>
    <subfield code="w">2025-05-30</subfield>
    <subfield code="y">ISSUE</subfield>
    <subfield code="z">Las diez etapas, en la historia del merengue.</subfield>
  </datafield>
  <datafield tag="952" ind1=" " ind2=" ">
    <subfield code="0">0</subfield>
    <subfield code="1">0</subfield>
    <subfield code="2">ddc</subfield>
    <subfield code="4">0</subfield>
    <subfield code="5">6</subfield>
    <subfield code="7">0</subfield>
    <subfield code="8">SE</subfield>
    <subfield code="a">BNPHU</subfield>
    <subfield code="b">BNPHU</subfield>
    <subfield code="d">2025-06-03</subfield>
    <subfield code="h">A&#xF1;o 1, Mayo-Junio, N&#xFA;mero 2, 2022</subfield>
    <subfield code="l">0</subfield>
    <subfield code="p">2025-4858</subfield>
    <subfield code="r">2025-06-03</subfield>
    <subfield code="t">e.2</subfield>
    <subfield code="w">2025-06-03</subfield>
    <subfield code="y">ISSUE</subfield>
    <subfield code="z">Edici&#xF3;n Especial.</subfield>
  </datafield>
  <datafield tag="952" ind1=" " ind2=" ">
    <subfield code="0">0</subfield>
    <subfield code="1">0</subfield>
    <subfield code="2">ddc</subfield>
    <subfield code="4">0</subfield>
    <subfield code="5">6</subfield>
    <subfield code="7">0</subfield>
    <subfield code="8">SE</subfield>
    <subfield code="a">BNPHU</subfield>
    <subfield code="b">BNPHU</subfield>
    <subfield code="d">2025-06-03</subfield>
    <subfield code="h">A&#xF1;o 1, Mayo-Junio, N&#xFA;mero 2, 2022</subfield>
    <subfield code="l">0</subfield>
    <subfield code="p">2025-4859</subfield>
    <subfield code="r">2025-06-03</subfield>
    <subfield code="t">e.3</subfield>
    <subfield code="w">2025-06-03</subfield>
    <subfield code="y">ISSUE</subfield>
    <subfield code="z">Edici&#xF3;n Especial.</subfield>
  </datafield>
  <datafield tag="952" ind1=" " ind2=" ">
    <subfield code="0">0</subfield>
    <subfield code="1">0</subfield>
    <subfield code="2">ddc</subfield>
    <subfield code="4">0</subfield>
    <subfield code="5">6</subfield>
    <subfield code="7">0</subfield>
    <subfield code="8">SE</subfield>
    <subfield code="a">BNPHU</subfield>
    <subfield code="b">BNPHU</subfield>
    <subfield code="d">2025-11-13</subfield>
    <subfield code="h">A&#xF1;o 3, N&#xFA;mero 9, julio-agosto, 2025</subfield>
    <subfield code="l">0</subfield>
    <subfield code="p">2025-13057</subfield>
    <subfield code="r">2025-11-13</subfield>
    <subfield code="t">e.1</subfield>
    <subfield code="w">2025-11-13</subfield>
    <subfield code="y">ISSUE</subfield>
    <subfield code="z">&#xA1;Que alegr&#xED;a! Ercilia Pep&#xED;n al Pante&#xF3;n, Congreso la declara "Pr&#xF3;cer de la Patria".</subfield>
  </datafield>
  <datafield tag="952" ind1=" " ind2=" ">
    <subfield code="0">0</subfield>
    <subfield code="1">0</subfield>
    <subfield code="2">ddc</subfield>
    <subfield code="4">0</subfield>
    <subfield code="5">6</subfield>
    <subfield code="7">0</subfield>
    <subfield code="8">SE</subfield>
    <subfield code="a">BNPHU</subfield>
    <subfield code="b">BNPHU</subfield>
    <subfield code="d">2025-11-13</subfield>
    <subfield code="h">A&#xF1;o 3, N&#xFA;mero 9, julio-agosto, 2025</subfield>
    <subfield code="l">0</subfield>
    <subfield code="p">2025-13058</subfield>
    <subfield code="r">2025-11-13</subfield>
    <subfield code="t">e.2</subfield>
    <subfield code="w">2025-11-13</subfield>
    <subfield code="y">ISSUE</subfield>
    <subfield code="z">&#xA1;Que alegr&#xED;a! Ercilia Pep&#xED;n al Pante&#xF3;n, Congreso la declara "Pr&#xF3;cer de la Patria".</subfield>
  </datafield>
  <datafield tag="952" ind1=" " ind2=" ">
    <subfield code="0">0</subfield>
    <subfield code="1">0</subfield>
    <subfield code="2">ddc</subfield>
    <subfield code="4">0</subfield>
    <subfield code="5">6</subfield>
    <subfield code="7">0</subfield>
    <subfield code="8">SE</subfield>
    <subfield code="a">BNPHU</subfield>
    <subfield code="b">BNPHU</subfield>
    <subfield code="d">2025-11-13</subfield>
    <subfield code="h">A&#xF1;o 3, N&#xFA;mero 9, julio-agosto, 2025</subfield>
    <subfield code="l">0</subfield>
    <subfield code="p">2025-13059</subfield>
    <subfield code="r">2025-11-13</subfield>
    <subfield code="t">e.3</subfield>
    <subfield code="w">2025-11-13</subfield>
    <subfield code="y">ISSUE</subfield>
    <subfield code="z">&#xA1;Que alegr&#xED;a! Ercilia Pep&#xED;n al Pante&#xF3;n, Congreso la declara "Pr&#xF3;cer de la Patria".</subfield>
  </datafield>
  <datafield tag="952" ind1=" " ind2=" ">
    <subfield code="0">0</subfield>
    <subfield code="1">0</subfield>
    <subfield code="2">ddc</subfield>
    <subfield code="4">0</subfield>
    <subfield code="5">6</subfield>
    <subfield code="7">0</subfield>
    <subfield code="8">SE</subfield>
    <subfield code="a">BNPHU</subfield>
    <subfield code="b">BNPHU</subfield>
    <subfield code="d">2026-05-22</subfield>
    <subfield code="h">A&#xF1;o 4, N&#xFA;mero 11, marzo-abril, 2026</subfield>
    <subfield code="l">0</subfield>
    <subfield code="p">2026-4471</subfield>
    <subfield code="r">2026-05-22</subfield>
    <subfield code="t">e.1</subfield>
    <subfield code="w">2026-05-22</subfield>
    <subfield code="y">ISSUE</subfield>
    <subfield code="z">Disponible para consulta en Hemeroteca.</subfield>
  </datafield>
  <datafield tag="952" ind1=" " ind2=" ">
    <subfield code="0">0</subfield>
    <subfield code="1">0</subfield>
    <subfield code="2">ddc</subfield>
    <subfield code="4">0</subfield>
    <subfield code="5">6</subfield>
    <subfield code="7">0</subfield>
    <subfield code="8">SE</subfield>
    <subfield code="a">BNPHU</subfield>
    <subfield code="b">BNPHU</subfield>
    <subfield code="d">2026-05-22</subfield>
    <subfield code="h">A&#xF1;o 4, N&#xFA;mero 11, marzo-abril, 2026</subfield>
    <subfield code="l">0</subfield>
    <subfield code="p">2026-4472</subfield>
    <subfield code="r">2026-05-22</subfield>
    <subfield code="t">e.2</subfield>
    <subfield code="w">2026-05-22</subfield>
    <subfield code="y">ISSUE</subfield>
    <subfield code="z">Disponible para consulta en Hemeroteca.</subfield>
  </datafield>
  <datafield tag="999" ind1=" " ind2=" ">
    <subfield code="c">59110</subfield>
    <subfield code="d">59110</subfield>
  </datafield>
</record>
